| 000 | 00974nam a2200265Ia 4500 | ||
|---|---|---|---|
| 003 | GCL | ||
| 005 | 20240530102044.0 | ||
| 008 | 140319s9999 xx 000 0 ara d | ||
| 017 | _a1990/3686 | ||
| 020 | _a0394408926 | ||
| 040 |
_aGCL / _cGCL |
||
| 082 | 0 | 4 |
_a973 _bن م |
| 100 | 1 | _aنيفينز , الان | |
| 245 | 1 | 0 |
_aموجز تاريخ الولايات المتحدة / _cنيفينز , الان ؛ كوماجر , هنرى ستيل ، ترجمة محمد بدرالدين خليل |
| 250 | _aط1 | ||
| 260 |
_aالقاهرة : _bالدار الدولية للنشر والتوزيع ، _c1990 |
||
| 300 |
_a709 ص ؛ _c24 سم |
||
| 650 | 0 | 4 | _aالعصر الحديث |
| 650 | 0 | 4 | _aتاريخ |
| 650 | 0 | 4 | _aالولايات المتحدة الامريكية |
| 650 | 0 | 4 | _aالسياسة الدولية |
| 700 | 1 |
_aكوماجر , هنرى ستيل _eمؤلف مشارك |
|
| 700 | 1 |
_aمحمد بدرالدين خليل _eمترجم |
|
| 942 |
_2ddc _cBK |
||
| 999 |
_c29471 _d29471 |
||